Impresión a bajo costo para el desarrollo: Hágalo ud. mismo - métodos

Gorde:
Xehetasun bibliografikoak
Egile nagusia: Zeitlyn, Jonathan
Formatua: Texto
Argitaratua: Nueva Delhi: CENDIT
Gaiak:
Etiketak: Etiketa erantsi
Etiketarik gabe, Izan zaitez lehena erregistro honi etiketa jartzen!

MARC

LEADER 00000 a a2200000 04500
001 18027
003
040
090 |a 025100  
100 |a Zeitlyn, Jonathan  
245 |a Impresión a bajo costo para el desarrollo: Hágalo ud. mismo - métodos  
260 |a Nueva Delhi:   |b CENDIT  
300 |a 26 p.  
650 |a MANUALES  
650 |a MEDIOS DE COMUNICACION DE MASAS  
650 |a EDUCACION DE MASAS  
650 |a TECNOLOGIA  
650 |a DIFUSION DE LA INFORMACION  
650 |a EDICION  
999 |c 10875  |d 10875